书目信息 |
| 题名: |
汽车电子技术
|
|
| 作者: | 李炎亮 , 高秀华 , 成凯 编著 | |
| 分册: | ||
| 出版信息: | 北京 化学工业出版社工业 装备与信息工程出版中心 2005.8 |
|
| 页数: | 303页 | |
| 开本: | 26cm | |
| 丛书名: | ||
| 单 册: | ||
| 中图分类: | U463.6 | |
| 科图分类: | ||
| 主题词: | 汽车--qi che--电子技术 , 电子技术--dian zi ji shu | |
| 电子资源: | ||
| ISBN: | 7-5025-7217-1 | |
| 000 | 01016nam0 2200277 450 | |
| 001 | CAL 012006027438 | |
| 005 | 20061030164324.73 | |
| 010 | @a7-5025-7217-1@dCNY39.00 | |
| 099 | @aCAL 012006027438 | |
| 100 | @a20060918d2005 em y0chiy0120 ea | |
| 101 | 0 | @achi |
| 102 | @aCN@b110000 | |
| 105 | @aak a 000yy | |
| 200 | 1 | @a汽车电子技术@Aqi che dian zi ji shu@f李炎亮, 高秀华, 成凯等编著 |
| 210 | @a北京@c化学工业出版社工业 装备与信息工程出版中心@d2005.8 | |
| 215 | @a303页@c图@d26cm | |
| 320 | @a有书目 (第303页) | |
| 330 | @a本书介绍了汽车电子技术的发展概况、汽车基本电器、电器设备线路和汽车电子控制系统的基础知识, 阐述了汽车发动机电子控制、自动变速器电子控制、制动防抱死系统、驱动防滑系统、电子控制悬架、动力转向电子控制等。 | |
| 606 | 0 | @a汽车@Aqi che@x电子技术 |
| 606 | 0 | @a电子技术@Adian zi ji shu |
| 690 | @aU463.6@v4 | |
| 701 | 0 | @a李炎亮@Ali yan liang@4编著 |
| 701 | 0 | @a高秀华@Agao xiu hua@4编著 |
| 701 | 0 | @a成凯@Acheng kai@4编著 |
| 801 | 0 | @aCN@c20061030 |
| 905 | @a10447@dU463.6@eL310 | |
| 汽车电子技术/李炎亮, 高秀华, 成凯等编著.-北京:化学工业出版社工业 装备与信息工程出版中心,2005.8 |
| 303页:图;26cm |
| ISBN 7-5025-7217-1:CNY39.00 |
| 本书介绍了汽车电子技术的发展概况、汽车基本电器、电器设备线路和汽车电子控制系统的基础知识, 阐述了汽车发动机电子控制、自动变速器电子控制、制动防抱死系统、驱动防滑系统、电子控制悬架、动力转向电子控制等。 |
| ● |
| 相关链接 |
|
|
|
正题名:汽车电子技术
索取号:U463.6/L310
 
预约/预借
| 序号 | 登录号 | 条形码 | 馆藏地/架位号 | 状态 | 备注 |
| 1 | 633755 | 206337551 | 期刊室512/501自科库 86排2列1层/ [索取号:U463.6/L310] | 在馆 | |
| 2 | 633756 | 206337560 | 自科库501/501自科库 56排2列3层/ [索取号:U463.6/L310] | 在馆 | |
| 3 | 633757 | 206337579 | 自科库501/501自科库 56排2列3层/ [索取号:U463.6/L310] | 在馆 |